Lúštenie anagramov

Guardado en:
Detalles Bibliográficos
Autor principal: Zlacký, Matúš (Autor)
Otros Autores: Antal, Eugen (Orientador)
Formato: Manuscrito Libro
Lenguaje:eslovaco
Publicado: Bratislava : STU v Bratislave FEI, 2022
Materias:
Acceso en línea:https://opac.crzp.sk/?fn=detailBiblioFormChildIHOPE&sid=A3900C45A119566172F2FE9915B9&seo=CRZP-detail-kniha
Etiquetas: Agregar Etiqueta
Sin Etiquetas, Sea el primero en etiquetar este registro!

MARC

LEADER 00000ntm a22000003a 4500
001 stuzp87037
003 SK-STU
005 20230321110617.4
007 ta
008 150427s2015----xo-----f-mn---000-0-slo-d
040 |a STU  |b slo 
041 0 |a slo 
044 |a xo 
100 1 |a Zlacký, Matúš  |u 035000  |4 aut  |U FEI Fakulta elektrotechniky a informatiky  |T FEI Ústav informatiky a matematiky  |X 104635  |U E050  |Y 816  |7 104635 
242 0 1 |a Anagram solver  |y eng 
245 1 0 |a Lúštenie anagramov 
260 |a Bratislava :  |b STU v Bratislave FEI,  |c 2022 
300 |a 56 s., príl. 
650 4 |a anagram  |2 slo 
650 4 |a lúštenie anagramov  |2 slo 
650 4 |a ohodnocovacie funkcie  |2 slo 
650 4 |a transpozičné šifry  |2 slo 
650 4 |a transposition cipher  |2 eng 
650 4 |a anagram  |2 eng 
650 4 |a anagram solver  |2 eng 
650 4 |a evaluation functions  |2 eng 
700 1 |a Antal, Eugen  |u 035000  |k Z1  |4 ths  |U FEI Fakulta elektrotechniky a informatiky  |T FEI Ústav informatiky a matematiky  |X 36087  |U E050  |Y 816  |7 A000036087 
856 4 |u https://opac.crzp.sk/?fn=detailBiblioFormChildIHOPE&sid=A3900C45A119566172F2FE9915B9&seo=CRZP-detail-kniha